Statistiques concernant Les classiques de la pâtisserie

Cliquez ici pour prendre le quiz!

Statistiques générales

  • Ce quiz a été pris 510 fois
  • Le résultat moyen est 6 sur 15

Statistiques - réponses

HintRéponse% Correct
Je suis un gros chou fourré, surmonté d'un petit chou fourréreligieuse
87%
Je suis une génoise au chocolat, garnie de chantilly et de cerises au kirsch, je suis également garni de copeaux de chocolat noirforêt noire
85%
Je suis composé d'un biscuit cuiller sur le pourtour et sur le fond, et je suis garni d'une mousse aux fruits ou au chocolat. Je suis également un prénom.charlotte
78%
Je suis le résultat d'une chute. On me sert aux pommes ou aux poires, traditionnellement.tarte tatin
73%
Je suis un disque de pâte surmonté de petits choux collés au caramel. Au centre, je suis garni de crème Chiboust. Je suis également le Saint Patron des pâtissiers.saint honoré
67%
Je suis une pâte levée, on me sert traditionnellement dans une "verrine" avec une pipette de rhum et de la chantillybaba au rhum
66%
On nous sert dans des assiettes ou des verrines, nous sommes à base de pâte à choux et arrosées de sauce chocolat chaude.profiteroles
60%
Je suis un gâteau glacé garni de meringue et flambé. Je porte mal mon nom...omelette norvégienne
35%
Je suis un gâteau de voyage épicépain d'épices
32%
Je suis à base de meringue et de crème au beurre ou mousse au chocolatmerveilleux
12%
Je suis composée d'une pâte sablée/pâte sucrée et d'une ganachetarte au chocolat
9%
Je suis un gâteau au chocolat garni de confiture d'abricot et d'un glaçage au chocolatsacher torte
7%
Je suis une tartelette portugaise à la crèmepastels de nata
6%
Je suis une tarte typiquement belge (wallone plus précisément), je suis composée d'une pâte levée, de flan et d'un féculenttarte au riz
3%
Je suis une tarte aux abricots garnie de crème chantilly et saupoudrée de copeaux de chocolat blanctarte samba
1%

Distribution des résultats

Percentile par nombre de réponses

% des personnes avec chaque résultat

Votre développement - résultats

Vous n’avez pas pris ce quiz